00591nam a2200169Ia 4500003000500000005001700005008004100022020001800063040000900081082001700090100005400107245004700161260003000208942003000238999001900268952013400287322820250415125447.0210816s9999 xx 000 0 und d a9781404234673 c3228 aJ 523.4 OLIE a OLIEN, Rebecca New York, 2007 1st ed 932250 0aExploring the planets in our solar system  aNew YorkbPowerkidsc2007 cBK2ddcy235zMike Maaboi c118834d118833 00102ddc40708500aMAFELbMAFELcCHILDd2021-08-17g140.00iLIB03263oJ 523.4 OLIEp33228021368558r2021-08-17w2021-08-17yBK